| 000 | 00665nam a2200181 a 4500 | ||
|---|---|---|---|
| 005 | 20210223122212.0 | ||
| 008 | 991125s1981 san 000 0 spa u | ||
| 035 | _aUPN01000031082 | ||
| 049 | _aCG | ||
| 050 | 4 |
_aLC155 P5 _bS4.5 |
|
| 111 | 2 |
_aSeminario-Taller sobre Experiencias de Alfabetización y de Educación de Adultos en Areas Rurales de la Sub-Región Andina 1980 _d(1980 _cLima) |
|
| 245 | 1 | 0 | _aInforme final. |
| 260 |
_aSantiago de Chile : _bUNESCO, Oficina Regional de Educación para América Latina y el Caribe, _c1981. |
||
| 300 | _a41 p. | ||
| 650 | 4 |
_aANALFABETISMO - _zPERU _94928 |
|
| 650 | 4 |
_aEDUCACION DE ADULTOS - _zPERU _916192 |
|
| 905 | _aLibro | ||
| 999 |
_c31082 _d31082 |
||